header

Georges Bataille (Record no. 93151)

MARC details
000 -LEADER
fixed length control field 01437nam a2200385Ia 4500
082 04 - DEWEY DECIMAL CLASSIFICATION NUMBER
Classification number 194
100 1# - MAIN ENTRY--AUTHOR NAME
Personal name Hegarty, Paul,
245 10 - TITLE STATEMENT
Title Georges Bataille
260 ## - PUBLICATION, DISTRIBUTION, ETC. (IMPRINT)
Place of publication London ;
-- Thousand Oaks, Calif. :
Name of publisher SAGE Publications,
Year of publication 2000.
300 ## - PHYSICAL DESCRIPTION
Number of Pages ix, 174 p.
490 1# - SERIES STATEMENT
Series statement Core cultural theorist
650 #0 - SUBJECT ADDED ENTRY--TOPICAL TERM
Topical Term Philosophers
Topical Term Philosophy, Modern
856 40 - ELECTRONIC LOCATION AND ACCESS
Uniform Resource Identifier http://site.ebrary.com/lib/rucke/Doc?id=10567020

No items available.

© 2026 Rongo University
Contact us: librarian | system librarian | Rongo university